Species-richest Zoos in Europe - Statistics

General Stats
  • This quiz has been taken 44 times
  • The average score is 7 of 20
Answer Stats
Number of species Facility % Correct
677 Berlin (Tierpark Friedrichsfelde)
97%
1110 Berlin (Zoological garden)
97%
482 Vienna (Haus des Meeres)
62%
528 Vienna (Tiergarten Schönbrunn)
62%
916 Moscow (Zoo)
59%
701 Prague (Zoo)
51%
477 Warsaw (Zoo)
49%
691 Budapest (Zoo)
46%
805 Stuttgart (Wilhelma)
43%
771 Cologne (Zoological garden)
35%
514 Leipzig (Zoo)
32%
523 Antwerp (Zoo)
22%
945 Wroclaw (Zoo)
14%
986 Pilsen (Zoo)
5%
523 Cambron-Casteau (Pairi Daiza)
0%
619 Kastrup (Aquarium)
0%
657 Novosibirsk (Zoo)
0%
537 Puerto de la Cruz (Loro Parque)
0%
500 Saint Aignan (ZooParc de Beauval)
0%
516 Walsrode (Weltvogelpark)
0%
No matching quizzes found
Score Distribution
Percent of People with Each Score
Percentile by Number Answered
Your Score History
You have not taken this quiz